Tribhuvan University Central Library

Entrepreneurship: successfully launching new ventures/ (Record no. 85934)

MARC details
000 -LEADER
fixed length control field 00640nam a22002177a 4500
008 - FIXED-LENGTH DATA ELEMENTS--GENERAL INFORMATION
fixed length control field 190705b xxu||||| |||| 00| 0 eng d
020 ## - INTERNATIONAL STANDARD BOOK NUMBER
International Standard Book Number 978-93-325-5558-7
082 ## - DEWEY DECIMAL CLASSIFICATION NUMBER
Classification number 338.04
Item number B277e
100 ## - MAIN ENTRY--PERSONAL NAME
Personal name Barringer, Bruce R.
245 ## - TITLE STATEMENT
Title Entrepreneurship: successfully launching new ventures/
250 ## - EDITION STATEMENT
Edition statement 4th ed.
260 ## - PUBLICATION, DISTRIBUTION, ETC.
Place of publication, distribution, etc. Noida:
Name of publisher, distributor, etc. Pearson India Education Services,
Date of publication, distribution, etc. 2017
300 ## - PHYSICAL DESCRIPTION
Extent xxv, 563p.
Other physical details illus.
504 ## - BIBLIOGRAPHY, ETC. NOTE
Bibliography, etc. note Bibliography at the end of each chapter
650 ## - SUBJECT ADDED ENTRY--TOPICAL TERM
Topical term or geographic name entry element Entrepreneurship
650 ## - SUBJECT ADDED ENTRY--TOPICAL TERM
Topical term or geographic name entry element Entrepreneur
650 ## - SUBJECT ADDED ENTRY--TOPICAL TERM
Topical term or geographic name entry element Business ideas
650 ## - SUBJECT ADDED ENTRY--TOPICAL TERM
Topical term or geographic name entry element Business plan
700 ## - ADDED ENTRY--PERSONAL NAME
Personal name Ireland, R. Duane
942 ## - ADDED ENTRY ELEMENTS (KOHA)
Source of classification or shelving scheme Dewey Decimal Classification
Koha item type General Collections
Holdings
Withdrawn status Lost status Source of classification or shelving scheme Damaged status Not for loan Home library Current library Shelving location Date acquired Total Checkouts Total Renewals Full call number Barcode Date last seen Date last checked out Price effective from Koha item type Date due
    Dewey Decimal Classification     Tribhuvan University Central Library Tribhuvan University Central Library New Building 07/05/2019 1 2 338.04 B277e 160788 06/10/2025 03/05/2025 07/05/2019 General Collections  
    Dewey Decimal Classification     Tribhuvan University Central Library Tribhuvan University Central Library New Building 07/05/2019     338.04 B277e 160789 07/05/2019   07/05/2019 General Collections  
    Dewey Decimal Classification     Tribhuvan University Central Library Tribhuvan University Central Library New Building 07/05/2019 1   338.04 B277e 160790 08/31/2021 03/25/2021 07/05/2019 General Collections  
    Dewey Decimal Classification     Tribhuvan University Central Library Tribhuvan University Central Library New Building 07/05/2019     338.04 B277e 161196 07/05/2019   07/05/2019 General Collections  
    Dewey Decimal Classification     Tribhuvan University Central Library Tribhuvan University Central Library New Building 07/05/2019     338.04 B277e 161197 07/05/2019   07/05/2019 General Collections  
    Dewey Decimal Classification     Tribhuvan University Central Library Tribhuvan University Central Library New Building 07/05/2019 2 1 338.04 B277e 161198 07/12/2020 06/21/2020 07/05/2019 General Collections  
    Dewey Decimal Classification     Tribhuvan University Central Library Tribhuvan University Central Library New Building 07/05/2019 1 1 338.04 B277e 161199 11/29/2024 11/28/2024 07/05/2019 General Collections  
    Dewey Decimal Classification     Tribhuvan University Central Library Tribhuvan University Central Library   07/05/2019 1 2 338.04 B277e 161200 10/20/2019 10/20/2019 07/05/2019 General Collections 11/27/2020